NFL First Round Drafts 2024 - Statistics

General Stats
  • This quiz has been taken 114 times
  • The average score is 20 of 32
Answer Stats
Team and Pick Answer % Correct
Bears(1) Caleb Williams
99%
Patriots(3) Drake Maye
96%
Commanders(2) Jayden Daniels
95%
Cardinals(4) Marvin Harrison Jr
90%
Chargers(5) Joe Alt
87%
Giants(6) Malik Nabers
86%
Bears(9) Rome Odunze
84%
Falcons(8) Michael Penix Jr
82%
Broncos(12) Bo Nix
81%
Vikings(10) JJ McCarthy
80%
Raiders(13) Brock Bowers
71%
Chiefs(28) Xavier Worthy
68%
Titans(7) JC Latham
61%
Vikings(17) Dallas Turner
58%
Panthers(32) Xavier Legette
58%
Eagles(22) Quinyon Mitchell
57%
Colts(15) Laiatu Latu
53%
Rams(19) Jared Verse
52%
Lions(24) Terrion Arnold
52%
Jaguars(23) Brian Thomas
51%
Dolphins(21) Chop Robinson
49%
49ers(31) Ricky Pearsall
47%
Seahawks(16) Byron Murphy II
46%
Ravens(30) Nate Wiggins
46%
Jets(11) Olu Fashanu
43%
Bengals(18) Amarius Mims
41%
Saints(14) Taliese Fuaga
40%
Cowboys(29) Tyler Guyton
39%
Steelers(20) Troy Fautanu
37%
Cardinals(27) Darius Robinson
36%
Buccaneers(26) Graham Barton
33%
Packers(25) Jordan Morgan
33%
No matching quizzes found
Score Distribution
Percent of People with Each Score
Percentile by Number Answered
Your Score History
You have not taken this quiz